Controlling Tools Use in Business Processes Management

Nástroje controllingu využívané v podnikovom manažmente. Vyhodnotenie údajov z dotazníkového prieskumu o aktuálnych trendoch využívania controllingu v malých a stredných podnikoch vo vybranom regióne Slovenska. Existencia samostatného oddelenia controllingu a pozícia controllera. Optimalizácia už za...

ver descrição completa

Na minha lista:
Detalhes bibliográficos
Autor principal: Csikósová, Adriana
Outros Autores: Čulková, Katarína, Janošková, Mária, 1965-
Formato: Capítulo de Livro
Idioma:inglês
Assuntos:
Tags: Adicionar Tag
Sem tags, seja o primeiro a adicionar uma tag!

MARC

LEADER 00000naa a2200000 4500
001 0286761
005 20260223113444.9
041 0 |a eng 
044 |a RS 
245 1 0 |a Controlling Tools Use in Business Processes Management  |c Adriana Csikósová, Katarína Čulková, Mária Janošková 
520 |a Nástroje controllingu využívané v podnikovom manažmente. Vyhodnotenie údajov z dotazníkového prieskumu o aktuálnych trendoch využívania controllingu v malých a stredných podnikoch vo vybranom regióne Slovenska. Existencia samostatného oddelenia controllingu a pozícia controllera. Optimalizácia už zavedených controllingových konceptov. 
610 2 0 |a manažment 
610 2 0 |a kontroling 
610 2 0 |a procesy podnikové 
610 2 0 |a podnikanie 
610 2 0 |a efektívnosť podnikania 
610 2 0 |a podnik malý 
610 2 0 |a podnik stredný 
610 2 0 |a Slovensko 
100 1 |a Csikósová, Adriana 
700 1 |a Čulková, Katarína 
700 1 |a Janošková, Mária, 1965-